| 000 | 00972cam a2200205 4500 | ||
|---|---|---|---|
| 001 | WB3707-22 | ||
| 008 | 000000n2001 000 0 eng u | ||
| 035 | _a(Sirsi) u110950 | ||
| 245 | _aFair rent | ||
| 260 | _c2001 | ||
| 490 |
_aEstates Gazette Case Summaries _v[2001] EGCS 16(1) (10/02/01) |
||
| 520 | _aCA 30 January 2001. The landlord (H) applied for a determination of fair rent within 2 years of a previous rent registration after carrying out repairs under a repair notice. The West Sussex Rent Officer refused H's application on the grounds that the repairs did not constitute a change in the condition of the property and an application for a judicial review was also turned down. Appeal allowed. | ||
| 590 | _aWB | ||
| 650 | _aR V WEST SUSSEX RENT OFFICER EX P HAYSPORT PROPERTIES LTD | ||
| 650 | _aRENT ACT 1977 S67(3) | ||
| 650 | _aFAIR RENT | ||
| 650 | _aRENT ACT 1977 S75(1) | ||
| 690 | _aLANDLORD AND TENANT-RENT REVIEWS-CASE LAW | ||
| 942 | _n0 | ||
| 999 |
_c66130 _d66130 |
||